Catalog

Record Details

Catalog Search



Manipulating Quantum Coherence in Solid State Systems Cover Image E-book E-book

Manipulating Quantum Coherence in Solid State Systems

Flatté, Michael E. (editor.). Ţifrea, I. (editor.). SpringerLink (Online service) (Added Author).

Record details

  • ISBN: 9781402061370
  • Physical Description: electronic
    electronic resource
    access
    remote
    online resource.
  • Publisher: Dordrecht : Springer Netherlands, 2007.
Subject: Physics
Quantum computing
Condensed matter
Particles (Nuclear physics)
Superconductivity
Quantum optics
Physics
Quantum Computing, Information and Physics
Condensed Matter
Solid State Physics and Spectroscopy
Superconductivity, Superfluidity, Quantum Fluids
Quantum Optics, Quantum Electronics, Nonlinear Optics

Electronic resources


LDR 01942nam a22004575i 4500
00113175
003CONS
00520131218210752.0
007cr nn 008mamaa
008100301s2007 ne | s |||| 0|eng d
020 . ‡a9781402061370 ‡9978-1-4020-6137-0
0247 . ‡a10.1007/978-1-4020-6137-0 ‡2doi
035 . ‡a(DE-He213)978-1-4020-6137-0
1001 . ‡aFlatté, Michael E. ‡eeditor.
24510. ‡aManipulating Quantum Coherence in Solid State Systems ‡h[electronic resource] / ‡cedited by Michael E. Flatté, I. Ţifrea.
2463 . ‡aProceedings of the NATO Advanced Study Institute on Manipulating Quantum Coherence in Solid State Systems, Cluj-Napoca, Romania, 29 August - 8 September 2005.
264 1. ‡aDordrecht : ‡bSpringer Netherlands, ‡c2007.
300 . ‡bonline resource.
336 . ‡atext ‡btxt ‡2rdacontent
337 . ‡acomputer ‡bc ‡2rdamedia
338 . ‡aonline resource ‡bcr ‡2rdacarrier
347 . ‡atext file ‡bPDF ‡2rda
4901 . ‡aNATO Science Series II: Mathematics, Physics and Chemistry, ‡x1568-2609 ; ‡v244
650 0. ‡aPhysics.
650 0. ‡aQuantum computing.
650 0. ‡aCondensed matter.
650 0. ‡aParticles (Nuclear physics).
650 0. ‡aSuperconductivity.
650 0. ‡aQuantum optics.
65014. ‡aPhysics.
65024. ‡aQuantum Computing, Information and Physics.
65024. ‡aCondensed Matter.
65024. ‡aSolid State Physics and Spectroscopy.
65024. ‡aSuperconductivity, Superfluidity, Quantum Fluids.
65024. ‡aQuantum Optics, Quantum Electronics, Nonlinear Optics.
7001 . ‡aŢifrea, I. ‡eeditor.
7102 . ‡aSpringerLink (Online service)
7730 . ‡tSpringer eBooks
77608. ‡iPrinted edition: ‡z9781402061356
830 0. ‡aNATO Science Series II: Mathematics, Physics and Chemistry, ‡x1568-2609 ; ‡v244
85640. ‡uhttp://biblioteca.ipicyt.edu.mx:2048/login?url=http://dx.doi.org/10.1007/978-1-4020-6137-0 ‡yTexto completo ‡9CONS
950 . ‡aPhysics and Astronomy (Springer-11651)
901 . ‡a13175 ‡b ‡c13175 ‡tbiblio ‡sSystem Local

Additional Resources